000 00355nam a2200169Ia 4500
100 _aIreland/kenneth
250 _a2
942 _cBK
366 _f20
654 _anumber theory
245 _aClassical introduction to Modern number theory
260 _bSpringer
_c1990
082 _a512
_bIRE
300 _a389
546 _aENGLISH
999 _c20060
_d20060